00419nam a2200157Ia 4500003000400000005001700004008004100021040000900062082002100071100001600092245002000108260003900128300001000167630001800177650006600195OSt20220514055334.0211109s9999||||xx |||||||||||||| ||und|| cSBCL a894.81207bSHA-R aSharma, V S 0aRupaka Darsanam bNATIONAL BOOKSTALLaKottayamc1974 a140p. xGeneral Stack aLITERATUREvMalayalam Literature xMalayalam Literature Study